| 000 | 00758am a2200277a 44500 | ||
|---|---|---|---|
| 003 | AR-BaBNM | ||
| 005 | 20251128211154.0 | ||
| 008 | 113020s1989 #AR|||||||||||000 | esp|| | ||
| 020 | _a950-99425-0-2 | ||
| 040 | _cAR-BaBNM | ||
| 100 | 1 | _aHernández, Pablo J. | |
| 245 | 1 | 0 |
_aConversaciones con el Teniente Coronel Aldo Rico _bde Malvinas a la Operación Dignidad |
| 250 | _a1ª ed. | ||
| 260 |
_aBuenos Aires _bFortaleza _c1989 |
||
| 300 |
_a187 p. _bláms. |
||
| 650 | 4 | _aHISTORIA ARGENTINA | |
| 650 | 4 | _aHISTORIA POLITICA | |
| 650 | 4 | _aGUERRA DE MALVINAS | |
| 650 | 4 | _aFUERZAS ARMADAS | |
| 650 | 4 | _aSUBVERSION EN ARGENTINA | |
| 650 | 4 | _aENTREVISTAS | |
| 653 | _aSUBLEVACIONES | ||
| 700 | 1 | _aRico, Aldo | |
| 942 | _cBK | ||
| 998 | _cMariana | ||
| 999 |
_c18565 _d18565 |
||